Bệnh truyền nhiễm : Giáo trình giảng dạy đại học
Cuốn sách trình bày tổng quan về bệnh truyền nhiễm, từ cơ sở khoa học đến các chủ đề thực tiễn như đại dịch cúm, bệnh lao, HIV/AIDS, bệnh do nhiễm khuẩn: bạch hầu, dịch tả, uốn ván, màng não,.... bệnh do siêu vi: cúm, dại , HIV, thủy đậu,....
সংরক্ষণ করুন:
| প্রধান লেখক: | |
|---|---|
| বিন্যাস: | গ্রন্থ |
| ভাষা: | Vietnamese |
| প্রকাশিত: |
H.
Y học
2020
|
| সংস্করন: | Tái bản lần thứ 5, có sữa chữa và bổ sung |
| বিষয়গুলি: | |
| ট্যাগগুলো: |
ট্যাগ যুক্ত করুন
কোনো ট্যাগ নেই, প্রথমজন হিসাবে ট্যাগ করুন!
|
| Thư viện lưu trữ: | Thư viện Trường Đại học Nam Cần Thơ |
|---|
| LEADER | 02388nam a22002657a 4500 | ||
|---|---|---|---|
| 001 | NCT_4_012890 | ||
| 008 | 180409b xxu||||| |||| 00| 0 vie d | ||
| 999 | |c 8607 |d 8607 | ||
| 020 | |a 9786046641599 |c 250000 | ||
| 082 | 0 | 4 | |2 23rd ed. |a 616.9 |b H108 |
| 100 | 1 | |a Nguyễn Văn Hảo |e Chủ biên | |
| 245 | 1 | 0 | |a Bệnh truyền nhiễm : |b Giáo trình giảng dạy đại học |c Nguyễn Văn Hảo (Chủ biên) |
| 250 | |a Tái bản lần thứ 5, có sữa chữa và bổ sung | ||
| 260 | |a H. |b Y học |c 2020 | ||
| 300 | |a 385 tr. |b Minh hoạ |c 27cm | ||
| 500 | |a ĐTTS ghi: Đại học Y dược Tp. Hồ Chí Minh. Bộ môn Nhiễm | ||
| 520 | 3 | |a Cuốn sách trình bày tổng quan về bệnh truyền nhiễm, từ cơ sở khoa học đến các chủ đề thực tiễn như đại dịch cúm, bệnh lao, HIV/AIDS, bệnh do nhiễm khuẩn: bạch hầu, dịch tả, uốn ván, màng não,.... bệnh do siêu vi: cúm, dại , HIV, thủy đậu,.... Những thông tin này được trình bày một cách rõ ràng và dễ hiểu, cho phép người đọc nắm bắt được các khía cạnh cơ bản của bệnh truyền nhiễm. Đồng thời, nó cũng đi sâu vào tìm hiểu các nguyên nhân, triệu chứng, cách phát hiện và điều trị các bệnh lây nhiễm. | |
| 653 | |a Xét nghiệm y học | ||
| 942 | |2 ddc |c BK | ||
| 952 | |0 0 |1 0 |2 ddc |4 0 |6 616_900000000000000_H108 |7 0 |9 29491 |a 000001 |b 000001 |d 2024-09-14 |o 616.9 H108 |p MD.22745 |r 2024-09-14 |v 250000.00 |w 2024-09-14 |y BK | ||
| 952 | |0 0 |1 0 |2 ddc |4 0 |6 616_900000000000000_H108 |7 0 |9 29492 |a 000001 |b 000001 |d 2024-09-14 |l 1 |o 616.9 H108 |p MD.22746 |r 2025-04-14 |s 2025-04-05 |v 250000.00 |w 2024-09-14 |y BK | ||
| 952 | |0 0 |1 0 |2 ddc |4 0 |6 616_900000000000000_H108 |7 0 |9 29493 |a 000001 |b 000001 |d 2024-09-14 |o 616.9 H108 |p MD.22747 |r 2024-09-14 |v 250000.00 |w 2024-09-14 |y BK | ||
| 952 | |0 0 |1 0 |2 ddc |4 0 |6 616_900000000000000_H108 |7 0 |9 29494 |a 000001 |b 000001 |d 2024-09-14 |o 616.9 H108 |p MD.22748 |r 2024-09-14 |v 250000.00 |w 2024-09-14 |y BK | ||
| 952 | |0 0 |1 0 |2 ddc |4 0 |6 616_900000000000000_H108 |7 0 |9 29495 |a 000001 |b 000001 |d 2024-09-14 |l 1 |o 616.9 H108 |p MD.22749 |r 2025-04-14 |s 2025-04-05 |v 250000.00 |w 2024-09-14 |y BK | ||
| 980 | |a Thư viện Trường Đại học Nam Cần Thơ | ||


